Sekiro: Who Guards this Item? - Statistics

General Stats
  • This quiz has been taken 12 times
  • The average score is 8 of 11
Answer Stats
Item Enemy/Boss/NPC % Correct
Shelter Stone Corrupted Monk
100%
Aromatic Branch Great Shinobi Owl
100%
Lotus of the Palace Guardian Ape
100%
Hidden Temple key Owl (Hirata Estate, Wolf's memory)
100%
Mortal Blade Folding Screen Monkeys/Divine Child of Rejuvination
91%
Dried Serpent Viscera Great Serpent
91%
Father's Bell Charm Emma
82%
Mechanical Barrel Gyoubu Oniwa
55%
Aromatic Flower Owl Father
55%
Gun fort Shrine Key Kuro
45%
Gatehouse Key Ashina Soldiers (At the bridge that leads to the Abandoned Dungeon Idol)
27%
No matching quizzes found
Score Distribution
Percent of People with Each Score
Percentile by Number Answered
Your Score History
You have not taken this quiz